Statistics for Fast typing "qaz"

Click here to take the quiz!

General Stats

  • This quiz has been taken 482 times
  • The average score is 17 of 26

Answer Stats

Answer% Correct
q
100%
a
99%
z
97%
w
69%
s
66%
x
64%
c
62%
d
62%
e
62%
f
62%
r
62%
b
61%
g
61%
t
61%
v
61%
y
61%
h
60%
j
60%
n
60%
u
60%
i
59%
k
59%
l
59%
m
59%
o
59%
p
58%

Score Distribution

Percentile by Number Answered

Percent of People with Each Score

Your Score History

You have not taken this quiz